| 000 | 01184ntm a2200265 i 4500 | ||
|---|---|---|---|
| 001 | 180747 | ||
| 003 | ES-MaACL | ||
| 005 | 20250715031729.0 | ||
| 008 | 120709s1886 sp i |||| | spa d | ||
| 040 | _cES-MaACL | ||
| 245 | 0 | 0 |
_aMonumentos arquitectónicos de España _h[Manuscrito] : _bíndice general formado para uso del ejemplar del Ateneo, de orden de su bibliotecario D. Felipe Benicio Navarro por el encuadernador José Grimaud en 1º de mayo de 1886 |
| 260 |
_aMadrid, _c1886. |
||
| 300 |
_a[10] páginas ; _c32 cm. |
||
| 530 | _aDisponible en formato digital | ||
| 630 | 0 | 0 |
_aMonumentos arquitectónicos de España _9187641 |
| 650 | 4 |
_aMonumentos- _zEspaña. _915179 |
|
| 650 | 4 |
_aEdificios históricos- _zEspaña. _9159674 |
|
| 700 | 1 |
_aNavarro, Felipe Benicio, _d1840-1901 _985065 |
|
| 700 | 1 |
_aGrimaud, José. _ered _9150905 |
|
| 710 | 2 |
_aAteneo de Madrid. _bBiblioteca _eisb _91951 |
|
| 852 | 4 |
_aES-MaACL _cDEPO _dOlim: B-6896 _jArmario 18, Caja negra |
|
| 856 | 4 |
_uhttps://bvpb.mcu.es/es/consulta/registro.do?id=577745 _yVersión en línea _z(Biblioteca Virtual del Patrimonio Bibliográfico) |
|
| 942 |
_cMANUSCRITO _n0 |
||
| 999 |
_c180747 _d180747 |
||